[Event "Aut_chT1112"]
[Site "Jenbach"]
[Date "2012.04.21"]
[Round "10"]
[Board "1"]
[White "Teske, Henrik"]
[Black "Bosiocic, Marin"]
[Result "1/2-1/2"]
[WhiteElo "2554"]
[BlackElo "2562"]
[PlyCount "90"]
[EventDate "2012.01.20"]
[EventType "team"]
[EventRounds "11"]
[EventCountry "AUT"]
[WhiteTeam "SpGem. Kufstein Woergl"]
[BlackTeam "ASVOE Signum Druck St. Veit/Glan"]

1. Nf3 Nf6 2. c4 g6 3. Nc3 d5 4. cxd5 Nxd5 5. h4 Nc6 6. h5 Bg7 7. h6 Bf6 8. Ne4
Bf5 9. Nxf6+ exf6 10. d3 Qe7 11. e4 Bg4 12. Be2 Nb6 13. Be3 Rd8 14. Rc1 Bxf3
15. Bxf3 Qb4+ 16. Qd2 Qxd2+ 17. Kxd2 O-O 18. Rxc6 bxc6 19. Rc1 Nd7 20. Rxc6 Ne5
21. Rc3 Nxf3+ 22. gxf3 Rb8 23. b3 Rb7 24. Rc6 f5 25. Kc3 Re8 26. Kc4 fxe4 27.
fxe4 f5 28. exf5 gxf5 29. Rf6 Rf8 30. Rxf8+ Kxf8 31. Kd5 Ke8 32. Kc6 Rb4 33.
Kxc7 a5 34. Bc5 Rh4 35. d4 Rxh6 36. d5 Rf6 37. f4 h5 38. Bf2 Rf7+ 39. Kc6 Kd8
40. d6 Kc8 41. a3 Rh7 42. Bh4 Ra7 43. Be7 Ra6+ 44. Kb5 Ra8 45. Kc6 Ra6+ 1/2-1/2

[Event "Aut_chT1112"]
[Site "Jenbach"]
[Date "2012.04.21"]
[Round "10"]
[Board "2"]
[White "Prohaszka, Peter"]
[Black "Zelbel, Patrick"]
[Result "1/2-1/2"]
[WhiteElo "2553"]
[BlackElo "2379"]
[PlyCount "74"]
[EventDate "2012.01.20"]
[EventType "team"]
[EventRounds "11"]
[EventCountry "AUT"]
[WhiteTeam "ASVOE Signum Druck St. Veit/Glan"]
[BlackTeam "SpGem. Kufstein Woergl"]

1. Nf3 g6 2. g3 Bg7 3. d4 c5 4. Bg2 cxd4 5. Nxd4 Nc6 6. Nb3 d6 7. Nc3 Nf6 8.
O-O Be6 9. Bf4 Qd7 10. Re1 Bh3 11. Bf3 h6 12. Rb1 Rc8 13. Ne4 Nxe4 14. Bxe4 Bf5
15. Bxf5 Qxf5 16. Qd3 Qxd3 17. exd3 Ne5 18. Re2 Kd7 19. Kg2 e6 20. Rd1 b6 21.
Bxe5 Bxe5 22. c3 Bf6 23. a4 Rb8 24. Ra1 Rhc8 25. f4 Rc7 26. Nd2 a6 27. g4 b5
28. axb5 axb5 29. f5 gxf5 30. gxf5 exf5 31. Rf1 Rg8+ 32. Kh1 b4 33. Rxf5 bxc3
34. bxc3 Bxc3 35. Rxf7+ Kc6 36. Rxc7+ Kxc7 37. Ne4 Bd4 1/2-1/2

[Event "Aut_chT1112"]
[Site "Jenbach"]
[Date "2012.04.21"]
[Round "10"]
[Board "3"]
[White "Koepke, Christian"]
[Black "Rogic, Davor"]
[Result "0-1"]
[WhiteElo "2398"]
[BlackElo "2571"]
[PlyCount "66"]
[EventDate "2012.01.20"]
[EventType "team"]
[EventRounds "11"]
[EventCountry "AUT"]
[WhiteTeam "SpGem. Kufstein Woergl"]
[BlackTeam "ASVOE Signum Druck St. Veit/Glan"]

1. e4 e5 2. Nf3 Nc6 3. Bb5 Nf6 4. Qe2 a6 5. Ba4 Be7 6. c3 b5 7. Bb3 O-O 8. O-O
d5 9. d3 Bb7 10. Rd1 Re8 11. Nbd2 Bf8 12. Nf1 Na5 13. Bc2 c5 14. Ng3 Qb6 15.
Rb1 h6 16. h3 Rad8 17. Be3 d4 18. cxd4 exd4 19. Bd2 Nc6 20. Qf1 a5 21. Rdc1 Nb4
22. Bxb4 axb4 23. Nd2 c4 24. dxc4 d3 25. Bb3 Bd6 26. Nf5 Bc5 27. Rd1 Nxe4 28.
Nxe4 Bxe4 29. Ng3 Bg6 30. Rd2 Qd6 31. Kh1 Qf4 32. Qc1 Bxf2 33. Nf1 Re1 0-1

[Event "Aut_chT1112"]
[Site "Jenbach"]
[Date "2012.04.21"]
[Round "10"]
[Board "5"]
[White "Levushkina, Elena"]
[Black "Jurkovic, Hrvoje"]
[Result "1/2-1/2"]
[WhiteElo "2310"]
[BlackElo "2412"]
[PlyCount "141"]
[EventDate "2012.01.20"]
[EventType "team"]
[EventRounds "11"]
[EventCountry "AUT"]
[WhiteTeam "SpGem. Kufstein Woergl"]
[BlackTeam "ASVOE Signum Druck St. Veit/Glan"]

1. e4 c5 2. c3 d5 3. exd5 Qxd5 4. d4 Nc6 5. Nf3 e5 6. dxe5 Qxd1+ 7. Kxd1 Bg4 8.
Bf4 O-O-O+ 9. Nbd2 Nge7 10. Kc1 Ng6 11. Bg3 f6 12. h3 Bf5 13. Nc4 Ngxe5 14.
Nfxe5 Nxe5 15. Nxe5 fxe5 16. Bxe5 Re8 17. f4 Bd6 18. Bc4 Bxe5 19. fxe5 Rxe5 20.
b3 Be6 21. Bxe6+ Rxe6 22. Rd1 Rg6 23. Rd2 Rd8 24. Rc2 Rd3 25. a4 Rdg3 26. Raa2
Kc7 27. Rab2 Re6 28. Ra2 Reg6 29. Rab2 a6 30. Kb1 b5 31. Ka2 Rd6 32. Rb1 Rdg6
33. Rbb2 Kc6 34. Ka3 Rxc3 35. axb5+ axb5 36. Rxc3 b4+ 37. Ka2 bxc3 38. Rc2 Rg3
39. Kb1 Kd5 40. Rf2 Kd4 41. Kc2 g5 42. h4 h6 43. h5 Re3 44. Rf6 Re2+ 45. Kc1
Rxg2 46. Rxh6 Rh2 47. Rh8 Kd3 48. Rd8+ Ke4 49. Rh8 g4 50. h6 Kf4 51. h7 Kg3 52.
Kb1 Rh5 53. Kc2 Kh3 54. Kxc3 g3 55. Kc4 g2 56. Rg8 Rxh7 57. Kxc5 Rh5+ 58. Kc6
Rh4 59. Rxg2 Kxg2 60. Kc5 Rh5+ 61. Kc6 Rh6+ 62. Kc5 Kf3 63. b4 Ke4 64. b5 Rh5+
65. Kc6 Kd4 66. b6 Rh6+ 67. Kc7 Kc5 68. b7 Rh7+ 69. Kb8 Rh1 70. Kc7 Rh7+ 71.
Kb8 1/2-1/2

[Event "Aut_chT1112"]
[Site "Jenbach"]
[Date "2012.04.21"]
[Round "10"]
[Board "6"]
[White "Hoelzl, Franz"]
[Black "Maurer, Jochen"]
[Result "1/2-1/2"]
[WhiteElo "2336"]
[BlackElo "2276"]
[PlyCount "71"]
[EventDate "2012.01.20"]
[EventType "team"]
[EventRounds "11"]
[EventCountry "AUT"]
[WhiteTeam "ASVOE Signum Druck St. Veit/Glan"]
[BlackTeam "SpGem. Kufstein Woergl"]

1. g3 d6 2. Bg2 g6 3. d4 Bg7 4. e4 Nf6 5. Ne2 O-O 6. O-O Nc6 7. Nbc3 e5 8. dxe5
Nxe5 9. h3 Re8 10. g4 Ned7 11. Be3 Qe7 12. Ng3 Nb6 13. Re1 c6 14. Bf4 Nc4 15.
Bf1 Ne5 16. g5 Nfd7 17. Be3 Nb6 18. f4 Nec4 19. Bxb6 Nxb6 20. Qd2 f6 21. h4
fxg5 22. hxg5 Bg4 23. Nd1 d5 24. Nf2 Qd7 25. c3 dxe4 26. Qxd7 Bxd7 27. Rad1 e3
28. Nfe4 Bg4 29. Rd6 Nd5 30. Bc4 Kh8 31. Bxd5 cxd5 32. Rxd5 e2 33. Nf2 Be6 34.
Rd2 Bxa2 35. Rdxe2 Rxe2 36. Rxe2 1/2-1/2

[Event "Aut_chT1112"]
[Site "Jenbach"]
[Date "2012.04.21"]
[Round "10"]
[Board "1"]
[White "Polak, Tomas"]
[Black "Prusikin, Michael"]
[Result "1/2-1/2"]
[WhiteElo "2535"]
[BlackElo "2545"]
[PlyCount "75"]
[EventDate "2012.01.20"]
[EventType "team"]
[EventRounds "11"]
[EventCountry "AUT"]
[WhiteTeam "SK Zwettl"]
[BlackTeam "SIR Bernhard Glatz"]

1. d4 d5 2. c4 e6 3. Nc3 Be7 4. cxd5 exd5 5. Bf4 Nf6 6. e3 Bf5 7. Nge2 O-O 8.
Ng3 Be6 9. Bd3 c5 10. dxc5 Nc6 11. O-O Bxc5 12. Rc1 d4 13. Nce4 Be7 14. Nf5
Bxf5 15. Nxf6+ Bxf6 16. Bxf5 Re8 17. Qb3 dxe3 18. Bxe3 Nd4 19. Bxd4 Bxd4 20.
Rcd1 g6 21. Qa4 gxf5 22. Rxd4 Qf6 23. Rf4 Re5 24. g3 a6 25. Qd7 b5 26. Rc1 Rd8
27. Rc8 Rxc8 28. Qxc8+ Kg7 29. Kg2 Qe6 30. Qc3 Qd5+ 31. Kh3 Kg6 32. a3 Re4 33.
Qf3 Qe5 34. Rxe4 fxe4 35. Qg4+ Kh6 36. Qh4+ Kg6 37. Qg4+ Kh6 38. Qh4+ 1/2-1/2

[Event "Aut_chT1112"]
[Site "Jenbach"]
[Date "2012.04.21"]
[Round "10"]
[Board "2"]
[White "Bromberger, Stefan"]
[Black "Likavsky, Tomas"]
[Result "1-0"]
[WhiteElo "2513"]
[BlackElo "2486"]
[PlyCount "53"]
[EventDate "2012.01.20"]
[EventType "team"]
[EventRounds "11"]
[EventCountry "AUT"]
[WhiteTeam "SIR Bernhard Glatz"]
[BlackTeam "SK Zwettl"]

1. c4 g6 2. d4 Bg7 3. e4 d6 4. Nc3 e5 5. Nge2 Ne7 6. h4 h5 7. Bg5 f6 8. Be3 Be6
9. d5 Bf7 10. Qd2 c5 11. g3 Na6 12. a3 b6 13. Bh3 Rb8 14. O-O O-O 15. b4 f5 16.
Bg5 Be8 17. f4 Bd7 18. fxe5 Bxe5 19. Nf4 Kh7 20. exf5 Bxf5 21. Ne6 Qd7 22. Bxe7
Qxe7 23. Bxf5 Rxf5 24. Rxf5 gxf5 25. Rf1 Rg8 26. Ne2 Qxh4 27. Nf8+ 1-0

[Event "Aut_chT1112"]
[Site "Jenbach"]
[Date "2012.04.21"]
[Round "10"]
[Board "3"]
[White "Blatny, Pavel"]
[Black "Drabke, Lorenz"]
[Result "1-0"]
[WhiteElo "2396"]
[BlackElo "2439"]
[PlyCount "117"]
[EventDate "2012.01.20"]
[EventType "team"]
[EventRounds "11"]
[EventCountry "AUT"]
[WhiteTeam "SK Zwettl"]
[BlackTeam "SIR Bernhard Glatz"]

1. d4 d5 2. Nf3 Nf6 3. e3 c6 4. c4 Bg4 5. Nbd2 Nbd7 6. b3 e5 7. dxe5 Nxe5 8.
Bb2 Bd6 9. Qc2 Bxf3 10. gxf3 dxc4 11. bxc4 Qa5 12. Be2 O-O-O 13. c5 Bxc5 14.
Bc3 Bb4 15. Bxb4 Qxb4 16. Rb1 Qa5 17. Rb2 Rd6 18. f4 Qd5 19. fxe5 Qxh1+ 20. Nf1
Rd5 21. exf6 gxf6 22. e4 Re5 23. Qb3 Re7 24. Bf3 Qg1 25. Qa3 Rhe8 26. Qxa7
Rxe4+ 27. Bxe4 Rxe4+ 28. Re2 Qg4 29. Qa8+ Kc7 30. Qa5+ Kc8 31. Qd2 f5 32. Ng3
Rd4 33. Qe3 Rd6 34. Qe8+ Rd8 35. Qxf7 Qb4+ 36. Kf1 f4 37. Ne4 Qb5 38. Qb3 Qh5
39. Qe6+ Kb8 40. Nd6 Qxh2 41. Rb2 Qh1+ 42. Ke2 f3+ 43. Kd2 Qf1 44. Rxb7+ Ka8
45. Rd7 Qxf2+ 46. Kc3 Qc5+ 47. Nc4 Rf8 48. Rf7 Rd8 49. Qe5 Qxe5+ 50. Nxe5 Rd5
51. Nc4 Rg5 52. Rxf3 h5 53. Rf7 Kb8 54. Rh7 Rf5 55. a4 Rg5 56. Kb4 Rf5 57. Na5
Rf4+ 58. Kc5 Rxa4 59. Nxc6+ 1-0

[Event "Aut_chT1112"]
[Site "Jenbach"]
[Date "2012.04.21"]
[Round "10"]
[Board "4"]
[White "Geske, Julian"]
[Black "Schroll, Gerhard"]
[Result "1-0"]
[WhiteElo "2383"]
[BlackElo "2388"]
[PlyCount "113"]
[EventDate "2012.01.20"]
[EventType "team"]
[EventRounds "11"]
[EventCountry "AUT"]
[WhiteTeam "SIR Bernhard Glatz"]
[BlackTeam "SK Zwettl"]

1. e4 Nf6 2. e5 Nd5 3. c4 Nb6 4. d4 d6 5. f4 dxe5 6. fxe5 Nc6 7. Be3 Bf5 8. Nc3
e6 9. Nf3 Be7 10. d5 exd5 11. cxd5 Nb4 12. Nd4 Bd7 13. Qf3 c5 14. dxc6 bxc6 15.
Be2 O-O 16. O-O N4d5 17. Bf2 Bh4 18. g3 Bg5 19. Ne4 Qe7 20. Nxg5 Qxg5 21. Nb3
Qxe5 22. Bc5 Qxb2 23. Bd4 Qa3 24. Bc5 Qb2 25. Rab1 Qxa2 26. Ra1 Qc2 27. Bd3 Qc3
28. Bxb6 Bg4 29. Qxg4 axb6 30. Rxa8 Rxa8 31. Qf3 g6 32. Qxf7+ Kh8 33. Nc1 Qc5+
34. Kh1 Ne3 35. Qf6+ Kg8 36. Qe6+ Kh8 37. Re1 Qd5+ 38. Qxd5 Nxd5 39. Be4 Re8
40. Nd3 Kg7 41. Kg1 Rd8 42. Ne5 Re8 43. Nf3 b5 44. Kf2 b4 45. Nd4 c5 46. Bxd5
Rxe1 47. Kxe1 cxd4 48. Ke2 Kf6 49. Kf3 Ke5 50. Be4 b3 51. Bd3 b2 52. h4 Kf6 53.
Kf4 Kg7 54. Kg5 Kg8 55. h5 gxh5 56. Kxh5 Kg7 57. Kg5 1-0

[Event "Aut_chT1112"]
[Site "Jenbach"]
[Date "2012.04.21"]
[Round "10"]
[Board "6"]
[White "Durakovic, Alman"]
[Black "Buchnicek, Petr"]
[Result "0-1"]
[WhiteElo "2201"]
[BlackElo "2330"]
[PlyCount "40"]
[EventDate "2012.01.20"]
[EventType "team"]
[EventRounds "11"]
[EventCountry "AUT"]
[WhiteTeam "SIR Bernhard Glatz"]
[BlackTeam "SK Zwettl"]

1. d4 f5 2. e4 fxe4 3. Nc3 Nf6 4. Bg5 c6 5. f3 d5 6. fxe4 dxe4 7. Bc4 Qa5 8.
Qd2 Bf5 9. Nge2 Nbd7 10. O-O O-O-O 11. a3 e6 12. Bf4 e5 13. b4 Qc7 14. Bg3 g6
15. Rad1 Ng4 16. Rxf5 gxf5 17. Qg5 Bh6 18. Qxf5 Ne3 19. Qe6 Bf4 20. dxe5 Bxg3
0-1

[Event "Aut_chT1112"]
[Site "Jenbach"]
[Date "2012.04.22"]
[Round "11"]
[Board "1"]
[White "Prusikin, Michael"]
[Black "Rapport, Richard"]
[Result "1/2-1/2"]
[WhiteElo "2545"]
[BlackElo "2559"]
[PlyCount "89"]
[EventDate "2012.01.20"]
[EventType "team"]
[EventRounds "11"]
[EventCountry "AUT"]
[WhiteTeam "SIR Bernhard Glatz"]
[BlackTeam "SK Sparkasse Fuerstenfeld"]

1. d4 Nf6 2. c4 g6 3. Nc3 Bg7 4. e4 d6 5. Nf3 O-O 6. Be2 e5 7. Be3 Na6 8. O-O
c6 9. dxe5 dxe5 10. Qxd8 Rxd8 11. h3 Nh5 12. Rfd1 Re8 13. a3 h6 14. b4 Nf4 15.
Bf1 Nc7 16. Kh2 Nfe6 17. c5 Kh7 18. Bc4 f5 19. Rd6 f4 20. Bc1 Nd8 21. Bb2 Nce6
22. Rad1 Nf7 23. R6d2 g5 24. Ne2 h5 25. Rd7 Bxd7 26. Rxd7 Kg6 27. Rxf7 Kxf7 28.
Nxg5+ Kf6 29. Nxe6 Rxe6 30. Nxf4 Re7 31. Nxh5+ Kg6 32. Nxg7 Kxg7 33. f4 a5 34.
fxe5 axb4 35. axb4 Ra4 36. e6+ Kf8 37. Bc3 Ra3 38. Bd2 Ke8 39. h4 Rg7 40. Bg5
Rxg5 41. hxg5 Re3 42. g6 Rxe4 43. g7 Rg4 44. Kh3 Rxg7 45. g4 1/2-1/2

[Event "Aut_chT1112"]
[Site "Jenbach"]
[Date "2012.04.22"]
[Round "11"]
[Board "2"]
[White "Hera, Imre"]
[Black "Bromberger, Stefan"]
[Result "1-0"]
[WhiteElo "2555"]
[BlackElo "2513"]
[PlyCount "65"]
[EventDate "2012.01.20"]
[EventType "team"]
[EventRounds "11"]
[EventCountry "AUT"]
[WhiteTeam "SK Sparkasse Fuerstenfeld"]
[BlackTeam "SIR Bernhard Glatz"]

1. c4 Nf6 2. Nf3 g6 3. g3 Bg7 4. Bg2 d5 5. O-O dxc4 6. Qa4+ c6 7. Qxc4 O-O 8.
d3 Na6 9. Nc3 Be6 10. Qa4 h6 11. Bd2 Qc8 12. Rfc1 Bh3 13. Bh1 Rd8 14. b4 Qg4
15. Ne5 Qxb4 16. Nxc6 Qxa4 17. Nxe7+ Kh7 18. Nxa4 Rd7 19. Nc8 Rd4 20. Bxb7 Rb8
21. Rab1 Bxc8 22. Bxc8 Rxb1 23. Rxb1 Rxa4 24. Rb7 Rxa2 25. Bc3 Rc2 26. Rxf7
Rxc3 27. Bxa6 Ra3 28. Bc4 a5 29. e4 Rc3 30. e5 Ng4 31. e6 Ne5 32. e7 Nxf7 33.
e8=Q 1-0

[Event "Aut_chT1112"]
[Site "Jenbach"]
[Date "2012.04.22"]
[Round "11"]
[Board "3"]
[White "Drabke, Lorenz"]
[Black "Pinter, Jozsef"]
[Result "0-1"]
[WhiteElo "2439"]
[BlackElo "2548"]
[PlyCount "71"]
[EventDate "2012.01.20"]
[EventType "team"]
[EventRounds "11"]
[EventCountry "AUT"]
[WhiteTeam "SIR Bernhard Glatz"]
[BlackTeam "SK Sparkasse Fuerstenfeld"]

1. e4 e5 2. Bc4 Nf6 3. d3 c6 4. Nf3 Be7 5. O-O d6 6. c3 O-O 7. Bb3 Nbd7 8. Re1
Re8 9. Nbd2 Bf8 10. d4 h6 11. Bc2 b6 12. Nf1 Bb7 13. Ng3 g6 14. h3 Bg7 15. Be3
Kh7 16. Nd2 b5 17. f4 c5 18. Qf3 Qe7 19. Rad1 Rac8 20. dxe5 dxe5 21. f5 a6 22.
Ndf1 c4 23. Nh2 Rcd8 24. h4 Rf8 25. Rf1 Kh8 26. Ng4 Nxg4 27. Qxg4 Nf6 28. Qf3
Bc8 29. Rxd8 Rxd8 30. h5 g5 31. Nh1 Bf8 32. Nf2 Qc7 33. Rd1 Rxd1+ 34. Bxd1 Bb7
35. Ng4 Bxe4 36. Nxf6 0-1

[Event "Aut_chT1112"]
[Site "Jenbach"]
[Date "2012.04.22"]
[Round "11"]
[Board "4"]
[White "Schenk, Andreas"]
[Black "Geske, Julian"]
[Result "1/2-1/2"]
[WhiteElo "2499"]
[BlackElo "2383"]
[PlyCount "42"]
[EventDate "2012.01.20"]
[EventType "team"]
[EventRounds "11"]
[EventCountry "AUT"]
[WhiteTeam "SK Sparkasse Fuerstenfeld"]
[BlackTeam "SIR Bernhard Glatz"]

1. d4 d5 2. c4 c6 3. Nc3 dxc4 4. e3 b5 5. a4 b4 6. Ne4 Qd5 7. Ng3 Nf6 8. Be2 e6
9. e4 Qa5 10. Bxc4 Ba6 11. Qe2 Be7 12. Nf3 O-O 13. Bg5 c5 14. dxc5 Bxc4 15.
Qxc4 Rc8 16. Qe2 Rxc5 17. Be3 Rc7 18. Bf4 b3+ 19. Nd2 Rc2 20. O-O Rxb2 21. Qd3
Qa6 1/2-1/2

[Event "Aut_chT1112"]
[Site "Jenbach"]
[Date "2012.04.22"]
[Round "11"]
[Board "5"]
[White "Pitl, Gregory"]
[Black "Kuba, Guenter"]
[Result "1-0"]
[WhiteElo "2388"]
[BlackElo "2384"]
[PlyCount "101"]
[EventDate "2012.01.20"]
[EventType "team"]
[EventRounds "11"]
[EventCountry "AUT"]
[WhiteTeam "SIR Bernhard Glatz"]
[BlackTeam "SK Sparkasse Fuerstenfeld"]

1. c4 Nf6 2. Nc3 e5 3. Nf3 Nc6 4. g3 Bb4 5. Bg2 O-O 6. O-O e4 7. Ng5 Bxc3 8.
bxc3 Re8 9. f3 e3 10. dxe3 b6 11. e4 h6 12. Nh3 d6 13. Nf4 Ba6 14. Nd5 Bxc4 15.
Ne3 Ba6 16. c4 Na5 17. Qc2 Nb7 18. Bb2 Nc5 19. Rad1 Ncd7 20. f4 Bb7 21. e5 Bxg2
22. Nxg2 Nh7 23. Nh4 dxe5 24. fxe5 Nhf8 25. e6 fxe6 26. Bxg7 Kxg7 27. Rxf8 Nxf8
28. Rxd8 Raxd8 29. Qc3+ Kh7 30. Qf6 Rd7 31. Qe5 Rg7 32. Nf5 Rf7 33. Ne3 Ng6 34.
Qe4 Kg7 35. Ng4 h5 36. Ne3 c5 37. a4 Ree7 38. Kg2 Kh7 39. Nf1 Rd7 40. Qe3 Rd1
41. Nd2 Kg7 42. Nf3 Rf6 43. Ng5 e5 44. Nf3 Ra1 45. Nxe5 Re6 46. Qc3 Ra2 47.
Nf3+ Kh6 48. Qc1+ Kg7 49. Qc3+ Kh6 50. Ng1 Rxa4 51. Qd2+ 1-0

[Event "Aut_chT1112"]
[Site "Jenbach"]
[Date "2012.04.22"]
[Round "11"]
[Board "6"]
[White "Hatzl, Stefan"]
[Black "Durakovic, Alman"]
[Result "1-0"]
[WhiteElo "2162"]
[BlackElo "2201"]
[PlyCount "113"]
[EventDate "2012.01.20"]
[EventType "team"]
[EventRounds "11"]
[EventCountry "AUT"]
[WhiteTeam "SK Sparkasse Fuerstenfeld"]
[BlackTeam "SIR Bernhard Glatz"]

1. e4 c5 2. Nf3 d6 3. c3 Nf6 4. Be2 Bg4 5. O-O e6 6. h3 Bh5 7. d3 Be7 8. Nbd2
O-O 9. Nh2 Bxe2 10. Qxe2 Nc6 11. f4 Kh8 12. Ndf3 Nh5 13. Qe1 e5 14. f5 g5 15.
g3 d5 16. Ng4 f6 17. Kg2 dxe4 18. dxe4 Qd3 19. Nf2 Qb5 20. a4 Qc4 21. Qe3 Nxg3
22. Nd2 Nxf1 23. Nxf1 Rad8 24. Nd2 Qf7 25. Nf3 Rg8 26. Bd2 h5 27. Rh1 c4 28.
Kf1 b6 29. Qe2 Bc5 30. h4 g4 31. Ng5 Qd7 32. Bc1 Bxf2 33. Kxf2 fxg5 34. hxg5
Qd3 35. Rxh5+ Kg7 36. Rh6 g3+ 37. Ke1 Qxe2+ 38. Kxe2 g2 39. Kf2 g1=Q+ 40. Kxg1
Rd1+ 41. Kf2 Rxc1 42. Rxc6 Rf8 43. Rg6+ Kf7 44. Rf6+ Ke7 45. Re6+ Kd7 46. Rxe5
Rd1 47. f6 Rf7 48. Ke3 Ra1 49. Kd4 Rxa4 50. Rf5 Ke6 51. Re5+ Kd6 52. Rd5+ Kc6
53. Ke5 Ra1 54. g6 Rc7 55. f7 Re7+ 56. Kf6 Rxe4 57. Rf5 1-0

[Event "Aut_chT1112"]
[Site "Jenbach"]
[Date "2012.04.22"]
[Round "11"]
[Board "1"]
[White "Bosiocic, Marin"]
[Black "Polak, Tomas"]
[Result "1/2-1/2"]
[WhiteElo "2562"]
[BlackElo "2535"]
[PlyCount "67"]
[EventDate "2012.01.20"]
[EventType "team"]
[EventRounds "11"]
[EventCountry "AUT"]
[WhiteTeam "ASVOE Signum Druck St. Veit/Glan"]
[BlackTeam "SK Zwettl"]

1. d4 Nf6 2. c4 e6 3. Nc3 Bb4 4. a3 Bxc3+ 5. bxc3 c5 6. e3 Nc6 7. Ne2 d6 8. Ng3
e5 9. Be2 O-O 10. O-O Re8 11. Ra2 Qc7 12. Kh1 h6 13. f4 e4 14. f5 b6 15. Nh5
Qe7 16. Nxf6+ Qxf6 17. Rf4 Ba6 18. Bd2 cxd4 19. cxd4 d5 20. cxd5 Bxe2 21. Qxe2
Ne7 22. Qg4 Nxd5 23. Rxe4 Qc6 24. Qf3 Rxe4 25. Qxe4 Re8 26. Qf3 Qc4 27. Ra1 Nf6
28. a4 Ne4 29. Be1 Ng5 30. Qf2 Ne4 31. Qf3 Ng5 32. Qf2 Ne4 33. Qg1 Qe2 34. Bh4
1/2-1/2

[Event "Aut_chT1112"]
[Site "Jenbach"]
[Date "2012.04.22"]
[Round "11"]
[Board "2"]
[White "Likavsky, Tomas"]
[Black "Rogic, Davor"]
[Result "1/2-1/2"]
[WhiteElo "2486"]
[BlackElo "2571"]
[PlyCount "135"]
[EventDate "2012.01.20"]
[EventType "team"]
[EventRounds "11"]
[EventCountry "AUT"]
[WhiteTeam "SK Zwettl"]
[BlackTeam "ASVOE Signum Druck St. Veit/Glan"]

1. d4 d5 2. c4 c6 3. Nf3 Nf6 4. e3 Bf5 5. Nc3 e6 6. Nh4 Bg6 7. Nxg6 hxg6 8. Bd3
Nbd7 9. O-O Bd6 10. h3 O-O 11. Bd2 dxc4 12. Bxc4 Qe7 13. Qc2 Rac8 14. Rfd1 c5
15. dxc5 Rxc5 16. Be2 a6 17. Rac1 e5 18. e4 Rc6 19. Bg5 Rfc8 20. Bg4 R8c7 21.
Bxd7 Qxd7 22. Qb3 Qc8 23. Rc2 Bc5 24. Bxf6 gxf6 25. Nd5 Qd8 26. Rc3 Rd7 27.
Rxc5 Rxc5 28. Nxf6+ Qxf6 29. Rxd7 Qf4 30. Qg3 Qxe4 31. Kh2 Rc2 32. f3 Qe3 33.
Qh4 Kg7 34. Rd8 Qf4+ 35. Qxf4 exf4 36. b4 Rxa2 37. Rd7 b5 38. h4 Ra4 39. Ra7
Kh6 40. Kh3 f5 41. Kh2 Rxb4 42. Rxa6 Kh5 43. Rd6 Rb1 44. Rd4 Kxh4 45. Rxf4+ Kg5
46. Rd4 Rc1 47. Rd5 b4 48. Rb5 Rc4 49. Rb6 Kh5 50. Rb5 Rf4 51. g3 Rd4 52. Kh3
Kg5 53. f4+ Kf6 54. Rb6+ Kg7 55. Rb7+ Kf6 56. Rb6+ Kf7 57. Kh4 Rd1 58. Kg5 Rg1
59. Rf6+ Ke7 60. Kxg6 Rxg3+ 61. Kxf5 Rd3 62. Rb6 Rd5+ 63. Ke4 Rd6 64. Rxb4 Kf6
65. Rb5 Ra6 66. Kf3 Ra1 67. Kg4 Rg1+ 68. Kf3 1/2-1/2

[Event "Aut_chT1112"]
[Site "Jenbach"]
[Date "2012.04.22"]
[Round "11"]
[Board "4"]
[White "Pisk, Petr"]
[Black "Jurkovic, Hrvoje"]
[Result "1-0"]
[WhiteElo "2385"]
[BlackElo "2412"]
[PlyCount "61"]
[EventDate "2012.01.20"]
[EventType "team"]
[EventRounds "11"]
[EventCountry "AUT"]
[WhiteTeam "SK Zwettl"]
[BlackTeam "ASVOE Signum Druck St. Veit/Glan"]

1. e4 c5 2. Nf3 e6 3. c3 d5 4. exd5 Qxd5 5. d4 Nf6 6. Be3 cxd4 7. cxd4 Nc6 8.
Nc3 Qd6 9. a3 Be7 10. Bd3 O-O 11. O-O b6 12. Qe2 Bb7 13. Rad1 Rad8 14. Rfe1
Rfe8 15. Bc2 Qb8 16. h3 Nd5 17. Bc1 Nxc3 18. bxc3 g6 19. Ng5 Qc8 20. h4 Rd5 21.
Be4 Na5 22. Bxd5 Bxd5 23. Qe3 Qc6 24. Qg3 Nc4 25. h5 Nd6 26. hxg6 hxg6 27. Qh3
Bf6 28. Bf4 Bg7 29. Be5 f6 30. Qh7+ Kf8 31. Qxg6 1-0

[Event "Aut_chT1112"]
[Site "Jenbach"]
[Date "2012.04.22"]
[Round "11"]
[Board "5"]
[White "Hoelzl, Franz"]
[Black "Buchnicek, Petr"]
[Result "0-1"]
[WhiteElo "2336"]
[BlackElo "2330"]
[PlyCount "82"]
[EventDate "2012.01.20"]
[EventType "team"]
[EventRounds "11"]
[EventCountry "AUT"]
[WhiteTeam "ASVOE Signum Druck St. Veit/Glan"]
[BlackTeam "SK Zwettl"]

1. d4 d5 2. c4 c6 3. Nf3 e6 4. e3 f5 5. Be2 Nf6 6. O-O Bd6 7. b3 Qe7 8. Bb2 O-O
9. Qc1 b6 10. Ba3 c5 11. Nc3 a6 12. Na4 Nbd7 13. cxd5 Nxd5 14. dxc5 bxc5 15.
Qd2 Bb7 16. Rfd1 Rfd8 17. Rac1 Rac8 18. g3 N7f6 19. Qe1 Nb4 20. Nb6 Rb8 21. Nc4
Nxa2 22. Ra1 Nb4 23. Bxb4 cxb4 24. Nxd6 Rxd6 25. Nd4 Nd5 26. Bc4 g6 27. Ra5
Rbd8 28. Rda1 Nc3 29. Re5 Kh8 30. f4 Ba8 31. Bxa6 Qa7 32. Bc8 Rxd4 33. Rxa7 Rd1
34. Ra1 Rxe1+ 35. Rxe1 Rxc8 36. Rxe6 Bd5 37. Rb6 Ra8 38. Rxb4 Ra2 39. e4 Bxe4
40. Rc4 Ne2+ 41. Kf2 Nxf4+ 0-1

[Event "Aut_chT1112"]
[Site "Jenbach"]
[Date "2012.04.22"]
[Round "11"]
[Board "6"]
[White "Wagner, Stefan"]
[Black "Mazi, Leon"]
[Result "1/2-1/2"]
[WhiteElo "2156"]
[BlackElo "2370"]
[PlyCount "110"]
[EventDate "2012.01.20"]
[EventType "team"]
[EventRounds "11"]
[EventCountry "AUT"]
[WhiteTeam "SK Zwettl"]
[BlackTeam "ASVOE Signum Druck St. Veit/Glan"]

1. c4 Nf6 2. g3 g6 3. Bg2 Bg7 4. Nc3 O-O 5. e4 d6 6. Nge2 c5 7. O-O Nc6 8. d3
a6 9. a3 Rb8 10. Rb1 Bd7 11. b4 cxb4 12. axb4 b5 13. cxb5 axb5 14. h3 Qc8 15.
Kh2 Qc7 16. Be3 Ne5 17. Rc1 Qd8 18. Nd4 Ne8 19. Qd2 Nc7 20. f4 Nc6 21. Ncxb5
Bxd4 22. Nxd4 Nxb4 23. Rc4 Nca6 24. f5 e5 25. Nc2 Nxc2 26. Rxc2 f6 27. fxg6
hxg6 28. Ba7 Rb7 29. Be3 Be6 30. d4 Rh7 31. dxe5 fxe5 32. Rxf8+ Qxf8 33. Rc6
Nb8 34. Rxd6 Rd7 35. Bc5 Qc8 36. Rxd7 Nxd7 37. Be7 Qc6 38. Qg5 Kf7 39. Bb4 Kg7
40. Qe7+ Bf7 41. Bd6 Qb5 42. h4 Kg8 43. Qg5 Kh7 44. Qe7 Kg7 45. g4 Kg8 46. h5
gxh5 47. gxh5 Qc6 48. h6 Qc1 49. h7+ Kg7 50. Bxe5+ Nxe5 51. Qxe5+ Kxh7 52. Qf6
Qh6+ 53. Qxh6+ Kxh6 54. e5 Kg5 55. e6 Bxe6 1/2-1/2

[Event "Aut_chT1112"]
[Site "Jenbach"]
[Date "2012.04.22"]
[Round "11"]
[Board "1"]
[White "Baramidze, David"]
[Black "Teske, Henrik"]
[Result "1-0"]
[WhiteElo "2612"]
[BlackElo "2554"]
[PlyCount "91"]
[EventDate "2012.01.20"]
[EventType "team"]
[EventRounds "11"]
[EventCountry "AUT"]
[WhiteTeam "SK Hohenems"]
[BlackTeam "SpGem. Kufstein Woergl"]

1. c4 Nf6 2. Nc3 e6 3. d4 Bb4 4. Qc2 O-O 5. e4 d5 6. e5 Ne4 7. Bd3 c5 8. Nf3
cxd4 9. Nxd4 Nd7 10. Bf4 Ndc5 11. O-O Nxd3 12. Qxd3 Bxc3 13. bxc3 Qc7 14. cxd5
exd5 15. Rac1 Qc4 16. Rfd1 Qxd3 17. Rxd3 Be6 18. Be3 Nc5 19. Rdd1 Na4 20. f4
Rac8 21. Nb5 a6 22. Nd6 Nxc3 23. Nxc8 Rxc8 24. Re1 d4 25. Kh1 dxe3 26. Rxe3 Nd5
27. Rxc8+ Bxc8 28. Rd3 Be6 29. f5 Bxf5 30. Rxd5 Kf8 31. Rc5 Be6 32. a3 Ke8 33.
Rc7 Bd5 34. e6 Bxe6 35. Rxb7 Bd7 36. Ra7 Bb5 37. Kg1 g5 38. Ra8+ Ke7 39. Rh8
Bd3 40. Kf2 Kf6 41. a4 Kg7 42. Rd8 Be4 43. Rd6 Bb7 44. Ke3 h5 45. g3 Bc8 46. a5
1-0